000 00778nam a2200301Ia 4500
005 20250425160737.0
008 250425s9999 xx 000 0 und d
020 _a9687270837
041 _aspa
082 _a543.08
100 _aWILLARD, HOBART H.
245 0 _aMÉTODOS INSTRUMENTALES DE ANÁLISIS
250 _a1A ED.
260 _aMEXICO
260 _aMéxico
_bIBEROAMERICA
_c1991
300 _a879
500 _aTítulo Traducido: INSTRUMENTAL METHODS OF ANALYSIS
650 _aANALISIS INSTRUMENTAL
650 _aCROMATOGRAFIA
650 _aELECTROQUIMICA
650 _aESPECTROSCOPIA
650 _aMETODOS ANALITICOS
700 _aDEAN, JOHN A.
700 _aMERRIT, LYNNE L.
700 _aSETTLE, FRANK A
942 _c01
010 _a4165
999 _c195288
_d195288